الرأىالعام : (Record no. 15834)
[ view plain ]
| 000 -الفاتح | |
|---|---|
| حقل البيانات ثابتة الطول | 00565nam a22001457a 4500 |
| 008 - عناصر البيانات ثابتة الطول - معلومات عامة | |
| حقل البيانات ثابتة الطول | 110815t1978 xxu||||g |||| 000 0 ara d |
| 082 ## - رقم تصنيف ديوى العشرى | |
| رقم الطبعة | 22 |
| رقم التصنيف | 301.154 |
| رقم المادة | س ر ا |
| 100 ## - المدخل الرئيسى - إسم شخصى | |
| 9 (RLIN) | 26711 |
| الإسم الشخصى | سراج،سعيد |
| 245 ## - بيان العنوان | |
| العنوان | الرأىالعام : |
| بقية العنوان | مقوماته و أثره فى النظم السياسية المعاصرة/ |
| بيان المسئوليه,etc | سعيد سراج |
| 260 ## - PUBLICATION, DISTRIBUTION, ETC. (IMPRINT) | |
| مكان الناشر او الموزع | القاهرة: |
| اسم الناشر او الموزع | الهيئة المصرية العامة للكتاب،1978. |
| تاريخ النشر أو التوزيع | 1978. |
| 300 ## - الوصف المادى | |
| التعداد | 298ص، |
| أبعاد الوعاء | 24سم. |
| 650 ## - المدخل الاضافى بالموضوع-مصطلح موضوعى | |
| 9 (RLIN) | 26712 |
| مصطلح موضوعي أو اسم جغرافي كعنصر مدخل | الرأى العام |
| 653 ## - مصطلح تكشيفى غير مقيد | |
| Resource For college | |
| Arrived date list | August2011 |
| 942 ## - عناصر المدخل الإضافي( كوها) | |
| مصدر التصنيف او مخطط الترفيف | Dewey Decimal Classification |
| Koha [default] item type | Book - Borrowing |
| حالة التراجع | حالة الفقد | مصدر التصنيف او خطة الترفيف | حالة تلف | ليس للاعارة | مجموعات كوها | المكان الدائم | المكان الحالي | موقع الترفيف | تاريخ الاكتساب | Source of acquisition | رقم الاستدعاء | الباركود | Date last seen | نوع الوعاء |
|---|---|---|---|---|---|---|---|---|---|---|---|---|---|---|
| Dewey Decimal Classification | Central Library | Central Library | First floor | 15/08/2011 | Purchase | 301.154 س ر ا | 000023496 | 15/07/2025 | Book - Borrowing |